Представление документа в формате MARC21

ПолеНазваниеЗначение
  Тип записи a
  Библиографический уровень m
001 Контрольный номер RU\infra-m\znanium\bibl\2214875
005 Дата корректировки 20260429142233.9
008 Кодируемые данные 250627s2025 RU g rus u
020 Индекс ISBN __
a ISBN 978-5-16-021135-0
020 Индекс ISBN __
a ISBN 978-5-16-107936-2 (электр. издание)
040 Источник каталогиз. __
a Служба первич. каталог. Общество с ограниченной ответственностью «ЗНАНИУМ»
041 Код языка издания __
a Код языка текста rus
044 Код страны публикации __
a Код страны публикации RU
080 Индекс УДК __
a Индекс УДК 004.6(075.8)
084 Индекс другой классификации/Индекс ББК __
2 Источник индекса rubbk
a Индекс другой классификации/Индекс ББК 32.97я73
084 Индекс другой классификации/Индекс ББК __
2 Источник индекса okso
a Индекс другой классификации/Индекс ББК 01.03.02
084 Индекс другой классификации/Индекс ББК __
2 Источник индекса okso
a Индекс другой классификации/Индекс ББК 01.03.04
084 Индекс другой классификации/Индекс ББК __
2 Источник индекса okso
a Индекс другой классификации/Индекс ББК 02.03.02
084 Индекс другой классификации/Индекс ББК __
2 Источник индекса okso
a Индекс другой классификации/Индекс ББК 09.03.01
084 Индекс другой классификации/Индекс ББК __
2 Источник индекса okso
a Индекс другой классификации/Индекс ББК 09.03.03
084 Индекс другой классификации/Индекс ББК __
2 Источник индекса okso
a Индекс другой классификации/Индекс ББК 09.03.04
084 Индекс другой классификации/Индекс ББК __
2 Источник индекса okso
a Индекс другой классификации/Индекс ББК 22.03.01
084 Индекс другой классификации/Индекс ББК __
2 Источник индекса okso
a Индекс другой классификации/Индекс ББК 38.03.05
084 Индекс другой классификации/Индекс ББК __
2 Источник индекса okso
a Индекс другой классификации/Индекс ББК 38.04.05
100 Автор __
a Автор Дадян Э.Г.
q Полное имя Дадян Эдуард Григорьевич
u Дополнение Финансовый университет при Правительстве Российской Федерации
245 Заглавие __
a Заглавие Данные: хранение и обработка
b Продолж. заглавия Учебник
c Ответственность Финансовый университет при Правительстве Российской Федерации
250 Сведения об издании __
a Основные сведения об издании 1
260 Выходные данные __
a Место издания Москва
b Издательство ООО "Научно-издательский центр ИНФРА-М"
c Дата издания 2026
300 Физическое описание __
a Объем 205 с.
440 Серия __
a Серия Высшее образование
520 Аннотация __
a Аннотация В учебнике рассмотрены и проанализированы базы данных и СУБД данные и ЭВМ концепция баз данных архитектура СУБД инфологическая даталогическая и физическая модели данных типы даталогических моделей данных представление данных с помощью модели «сущность — связь» диаграмма «сущность — связь» целостность данных. Представлен обзор нотаций используемых при построении диаграмм «сущность — связь». Подробно описаны реляционные базы данных операции с таблицами реляционных баз данных правила порождения реляционных отношений из модели «сущность — связь». Представлены средства ускоренного доступа к данным язык SQL физическая организация СУБД клиент-серверная архитектура обработка распределенных данных и структура сервера базы данных. Сформулированы концептуальные основы понятия «знание» изложены понятия и определения знаний баз знаний модели представления знаний приведены принципы построения систем ориентированных на анализ данных — хранилища данных модели данных используемые при построении хранилищ данных. Рассмотрены вопросы по защите данных. Соответствует требованиям федеральных государственных образовательных стандартов высшего образования последнего поколения. Предназначен для студентов бакалавриата и магистратуры всех специальностей а также для аспирантов и слушателей институтов повышения квалификации.
521 Примеч. о цел. назн. __
a Примеч. о целев. назн. ВО - Бакалавриат
650 Тематические рубрики __
a Основная рубрика Информатика. Вычислительная техника
x Основная подрубрика Системы управления базами данных (СУБД)
655 Указ. предметных рубрик (устаревшее) __
a Жанр/ форма (устаревшее) Учебник
856 Электронный адрес документа 4_
a Имя сервера/домена znanium.ru
m Помощь ebs_support@infra-m.ru
n Местонахождение сервера НИЦ ИНФРА-М
u URL https://znanium.ru/catalog/document?id=466068
856 Электронный адрес документа 48
a Имя сервера/домена znanium.ru
d Путь /cover/2214
f Электронное имя 2214875.jpg
q Тип электронного формата image/jpeg
u URL https://znanium.ru/cover/2214/2214875.jpg
911 __
u 0030=https://znanium.ru/catalog/document?id=466068